000
00214 a2200097 4500
001
14109
100
_a
Jones Daniel
245
_a
Phonetic readings in English
260
_a
_b
Card winter
_c
090
_c
11054
_d
11054
942
_a
NUST-CAE
_c
M
_c
1175
999
_c
249182
_d
249182